| 000 | 00352nam a2200133Ia 4500 | ||
|---|---|---|---|
| 100 | _aBalchin N.C. | ||
| 942 | _cBK | ||
| 654 | _aHealth & Safety in welding & allied processes 4/e | ||
| 245 | _aHealth and Safety in Welding and Allied Processors 4/e | ||
| 260 |
_bJaico Pub _aBombay _c1995 |
||
| 300 | _a232 | ||
| 546 | _aENGLISH | ||
| 999 |
_c34054 _d34054 |
||